|
|
|
|
| LEADER |
00000nab a2200000 a 4500 |
| 001 |
vtls000585139 |
| 003 |
SK-MaSNL |
| 005 |
20260303011418.0 |
| 008 |
160202c1996 xo 0 slo |
| 015 |
|
|
|a SNBRB19rr/mm-uuuuu
|
| 035 |
|
|
|a CL0585278
|
| 040 |
|
|
|a SNKBUCL
|b slo
|c SNKBUCL
|e AACR2
|
| 041 |
0 |
|
|a slo
|
| 044 |
|
|
|a xo
|c SK
|
| 080 |
|
|
|a 321.011(437.6)
|2 1981
|
| 080 |
|
|
|a 342.3(437.6)
|2 1981
|
| 100 |
1 |
|
|a Weiss, Peter,
|d 1952-
|4 aut
|9 103279
|
| 245 |
1 |
0 |
|a Musíme dosiahnuť hodovernosť štátu v očiach všetkých jeho občanov i v zahraničí
|c Peter Weiss
|
| 650 |
0 |
7 |
|a štátnosť slovenská
|2 snkbucl
|9 899445
|
| 655 |
|
7 |
|a články z novín a časopisov
|2 snkbucl
|9 267496
|
| 773 |
0 |
|
|t Národná obroda
|g Roč. 7, č. 124 (29. 5. 1996), s. 9
|
| 850 |
|
|
|a Slovenská národná knižnica v Martine
|a MTA001
|
| 852 |
|
|
|a SNK
|b KIS3GCP
|
| 958 |
|
|
|a RK
|
| 958 |
|
|
|a SK
|
| 992 |
|
|
|a RBX
|
| 999 |
|
|
|c 1592001
|d 1593931
|